[Event "Ravenna op"]
[Site "Ravenna"]
[Date "2005.10.16"]
[Round "4"]
[White "Giorgi, Sandro"]
[Black "Pomaro, Stefano"]
[Result "1/2-1/2"]
[WhiteElo "1854"]
[BlackElo "1919"]
[PlyCount "74"]
[EventDate "2005.10.14"]
[EventType "swiss"]
[EventRounds "5"]
[EventCountry "ITA"]
[SourceTitle "EXT 2007"]
[Source "ChessBase"]
[SourceDate "2006.11.23"]
[SourceVersion "1"]
[SourceVersionDate "2006.11.23"]
[SourceQuality "1"]

1. Nf3 f5 2. c4 Nf6 3. g3 e6 4. Bg2 Be7 5. 0-0 0-0 6. d3 d6 7. Nc3 e5 8. c5 Kh8 9. Qb3 Na6 10. cxd6 cxd6 11. Qc2 Bd7 12. a3 Bc6 13. b4 Rc8 14. Qb3 Nc7 15. Bb2 Ncd5 16. Ng5 Nxc3 17. Bxc3 Bxg2 18. Kxg2 Rxc3 19. Qxc3 Nd5 20. Qc4 Bxg5 21. Qxd5 Qd7 22. e3 h6 23. h4 Be7 24. f4 Bf6 25. fxe5 Bxe5 26. d4 Bxg3 27. Kxg3 f4+ 28. Rxf4 Rxf4 29. exf4 Qe7 30. Qf3 Qf6 31. Rd1 Qg6+ 32. Kf2 Qc2+ 33. Qe2 Qf5 34. Qf3 Qc2+ 35. Kg3 Qg6+ 36. Kh3 Qf5+ 37. Qg4 Qc2 1/2-1/2

[Event "Ravenna op"]
[Site "Ravenna"]
[Date "2005.10.15"]
[Round "2"]
[White "Giorgi, Sandro"]
[Black "Fontanari, Maurizio"]
[Result "0-1"]
[WhiteElo "1854"]
[BlackElo "2057"]
[PlyCount "84"]
[EventDate "2005.10.14"]
[EventType "swiss"]
[EventRounds "5"]
[EventCountry "ITA"]
[SourceTitle "EXT 2007"]
[Source "ChessBase"]
[SourceDate "2006.11.23"]
[SourceVersion "1"]
[SourceVersionDate "2006.11.23"]
[SourceQuality "1"]

1. Nf3 c5 2. c4 Nf6 3. Nc3 e6 4. d4 cxd4 5. Nxd4 a6 6. g3 Qc7 7. Qd3 b6 8. Bg2 Bb7 9. e4 d6 10. 0-0 Nbd7 11. b3 Be7 12. Bb2 0-0 13. Rac1 Rac8 14. h3 Qb8 15. Rc2 Nc5 16. Qe2 Qa8 17. Re1 Rfe8 18. f4 d5 19. e5 Nfe4 20. Nxe4 Nxe4 21. Kh2 Nc5 22. Rec1 dxc4 23. Bxb7 Qxb7 24. Rxc4 Rcd8 25. Rd1 h6 26. Nc2 Rc8 27. Rcd4 Rc7 28. Na3 b5 29. Qg2 Qa7 30. R4d2 Rec8 31. h4 Qb8 32. Nb1 Nb7 33. Na3 Nd8 34. Rd7 Nc6 35. Rxc7 Qxc7 36. Rc1 Qb6 37. h5 Bc5 38. Rd1 Nb4 39. Ba1 Nd5 40. Nc2 Bf2 41. Na3 Bc5 42. Bb2 Ne3 0-1

[Event "Ravenna op"]
[Site "Ravenna"]
[Date "2005.10.14"]
[Round "1"]
[White "Rombaldoni, Axel"]
[Black "Giorgi, Sandro"]
[Result "1-0"]
[WhiteElo "2107"]
[BlackElo "1854"]
[PlyCount "73"]
[EventDate "2005.10.14"]
[EventType "swiss"]
[EventRounds "5"]
[EventCountry "ITA"]
[SourceTitle "EXT 2007"]
[Source "ChessBase"]
[SourceDate "2006.11.23"]
[SourceVersion "1"]
[SourceVersionDate "2006.11.23"]
[SourceQuality "1"]

1. e4 e6 2. d4 d5 3. Nc3 dxe4 4. Nxe4 Nd7 5. Nf3 Ngf6 6. Bg5 Be7 7. Nxf6+ Bxf6 8. Bxf6 Nxf6 9. c3 Qd5 10. Bd3 Bd7 11. 0-0 Bb5 12. Re1 Bxd3 13. Qxd3 0-0 14. Re5 Qd6 15. a4 a5 16. Nd2 b6 17. Qf3 c5 18. Nc4 Qc7 19. dxc5 bxc5 20. Rg5 Nd5 21. h4 f5 22. Re1 Rac8 23. h5 Rf6 24. Ne5 h6 25. Rg6 Rcf8 26. Rxf6 Rxf6 27. Ng6 Kh7 28. Rxe6 Rxe6 29. Nf8+ Kg8 30. Nxe6 Qe5 31. Nxc5 Qe1+ 32. Kh2 Qe5+ 33. g3 f4 34. g4 Nf6 35. Nd3 Qg5 36. Kh3 Kh7 37. Nxf4 1-0

[Event "Cesenatico op 9th"]
[Site "Cesenatico"]
[Date "2004.09.12"]
[Round "9"]
[White "Pircher, Karl"]
[Black "Giorgi, Sandro"]
[Result "1-0"]
[WhiteElo "2013"]
[BlackElo "1599"]
[PlyCount "58"]
[EventDate "2004.09.04"]
[EventType "swiss"]
[EventRounds "9"]
[EventCountry "ITA"]
[SourceTitle "EXT 2007"]
[Source "ChessBase"]
[SourceDate "2006.11.23"]
[SourceVersion "1"]
[SourceVersionDate "2006.11.23"]
[SourceQuality "1"]

1. d4 d5 2. c4 c6 3. Nc3 dxc4 4. a4 Nf6 5. e3 Bf5 6. Bxc4 e6 7. Nf3 Bb4 8. 0-0 0-0 9. Qe2 Nbd7 10. e4 Bg4 11. e5 Nd5 12. Ne4 Be7 13. h3 Bh5 14. g4 Bg6 15. Ng3 c5 16. dxc5 Nxc5 17. Rd1 Qc7 18. Bd2 Rac8 19. Rac1 Qb8 20. a5 Na4 21. Bxd5 exd5 22. Qb5 Nc5 23. Bb4 Bd3 24. Rxd3 Nxd3 25. Rxc8 Qxc8 26. Bxe7 Qc1+ 27. Nf1 Qc2 28. Bh4 Nf4 29. Kh2 Qe4 1-0

[Event "Cesenatico op 9th"]
[Site "Cesenatico"]
[Date "2004.09.11"]
[Round "8"]
[White "Giorgi, Sandro"]
[Black "Battaglia, Edoardo"]
[Result "1/2-1/2"]
[WhiteElo "1599"]
[BlackElo "1877"]
[PlyCount "103"]
[EventDate "2004.09.04"]
[EventType "swiss"]
[EventRounds "9"]
[EventCountry "ITA"]
[SourceTitle "EXT 2007"]
[Source "ChessBase"]
[SourceDate "2006.11.23"]
[SourceVersion "1"]
[SourceVersionDate "2006.11.23"]
[SourceQuality "1"]

1. c4 e5 2. Nc3 Nc6 3. g3 f5 4. d3 Nf6 5. Bg2 Bb4 6. e3 0-0 7. Nge2 d5 8. cxd5 Nxd5 9. 0-0 Bxc3 10. bxc3 Nf6 11. Rb1 Qd6 12. Qb3+ Be6 13. Ba3 Bxb3 14. Bxd6 cxd6 15. Rxb3 Rab8 16. Rfb1 Na5 17. Rb5 b6 18. c4 e4 19. dxe4 fxe4 20. Nc3 Rfe8 21. Nd5 Nxc4 22. Nxf6+ gxf6 23. Rd1 Rbd8 24. Rbd5 a6 25. Bf1 b5 26. Bxc4 bxc4 27. Rc1 Re5 28. Rxe5 fxe5 29. Rxc4 d5 30. Rc6 d4 31. exd4 exd4 32. Kf1 Rb8 33. Rc1 Rb2 34. Rd1 d3 35. Ra1 Kf7 36. Re1 d2 37. Rd1 Rxa2 38. Ke2 Kf6 39. Ke3 Ke5 40. f4+ exf3 41. Kxf3 Kd4 42. Ke2 Kc3 43. g4 Kd4 44. h4 Ke4 45. Rb1 a5 46. g5 Kf5 47. Rb7 Kg6 48. h5+ Kxh5 49. Rxh7+ Kxg5 50. Rd7 Kf5 51. Rxd2 Ra4 52. Kd1 1/2-1/2

[Event "Cesenatico op 9th"]
[Site "Cesenatico"]
[Date "2004.09.07"]
[Round "4"]
[White "Guccione, Daniele"]
[Black "Giorgi, Sandro"]
[Result "1/2-1/2"]
[WhiteElo "1814"]
[BlackElo "1599"]
[PlyCount "103"]
[EventDate "2004.09.04"]
[EventType "swiss"]
[EventRounds "9"]
[EventCountry "ITA"]
[SourceTitle "EXT 2007"]
[Source "ChessBase"]
[SourceDate "2006.11.23"]
[SourceVersion "1"]
[SourceVersionDate "2006.11.23"]
[SourceQuality "1"]

1. e4 c6 2. d4 d5 3. Nc3 dxe4 4. Nxe4 Nd7 5. Nf3 Ngf6 6. Ng3 e6 7. Bd3 c5 8. 0-0 Qc7 9. Qe2 h6 10. Ne5 Bd6 11. Nf5 Kf8 12. Nxd6 Qxd6 13. Nxd7+ Bxd7 14. dxc5 Qxc5 15. Be3 Qc7 16. Bd4 Qa5 17. Bxf6 gxf6 18. Qf3 Bc6 19. Be4 Bxe4 20. Qxe4 Qb6 21. Rfd1 Ke7 22. Qd4 Qxd4 23. Rxd4 Rad8 24. Rad1 Rxd4 25. Rxd4 Rc8 26. c3 Rc5 27. Kf1 Re5 28. c4 b5 29. cxb5 Rxb5 30. b4 a5 31. bxa5 Rb1+ 32. Ke2 Rb2+ 33. Rd2 Rb5 34. a4 Rxa5 35. Ra2 Kd6 36. Kd3 Kc6 37. Kc4 Kb6 38. Kb4 Rd5 39. a5+ Ka6 40. Kc4 Rd1 41. Ra3 Rd2 42. Rf3 f5 43. Kb4 Ra2 44. Kc5 Rd2 45. h3 h5 46. h4 Rd5+ 47. Kc6 Kxa5 48. Ra3+ Kb4 49. Ra7 Rd2 50. Rxf7 Rxf2 51. Kd6 Rxg2 52. Kxe6 1/2-1/2

[Event "Cesenatico op 9th"]
[Site "Cesenatico"]
[Date "2004.09.05"]
[Round "2"]
[White "Sanzani, Pierluigi"]
[Black "Giorgi, Sandro"]
[Result "1/2-1/2"]
[WhiteElo "1955"]
[BlackElo "1599"]
[PlyCount "152"]
[EventDate "2004.09.04"]
[EventType "swiss"]
[EventRounds "9"]
[EventCountry "ITA"]
[SourceTitle "EXT 2007"]
[Source "ChessBase"]
[SourceDate "2006.11.23"]
[SourceVersion "1"]
[SourceVersionDate "2006.11.23"]
[SourceQuality "1"]

1. e4 c6 2. d4 d5 3. e5 c5 4. c3 e6 5. Bd3 Nc6 6. Nf3 cxd4 7. cxd4 Bb4+ 8. Bd2 Bxd2+ 9. Qxd2 Nge7 10. Nc3 a6 11. 0-0 0-0 12. Rac1 Nb4 13. Bb1 Bd7 14. a3 Nbc6 15. b4 Na7 16. Bd3 Rc8 17. h3 b5 18. Ra1 Qb6 19. Rfc1 Rc7 20. Ne2 Rfc8 21. Rc5 Rxc5 22. bxc5 Qc7 23. Qb2 Rb8 24. Nc3 Nec6 25. Na2 Na5 26. Nb4 Qc8 27. Qc2 g6 28. Qc3 Nc4 29. Bc2 Nc6 30. Nxc6 Bxc6 31. Nd2 Qd8 32. Rb1 Qa5 33. Qxa5 Nxa5 34. Bd3 Nc4 35. Bxc4 dxc4 36. Nxc4 Rd8 37. Nd6 Rd7 38. f3 Kf8 39. Kf2 Rd8 40. Ke3 Kg7 41. Kd3 f6 42. Re1 a5 43. Kc3 fxe5 44. Rxe5 Kf6 45. Re1 Rb8 46. Rb1 e5 47. dxe5+ Kxe5 48. Nc4+ Kd5 49. Nxa5 Kxc5 50. Nxc6 Kxc6 51. a4 Re8 52. axb5+ Kb6 53. Kd3 Ra8 54. Rb2 Ra4 55. f4 Rxf4 56. Ke3 Ra4 57. Rb3 h5 58. g3 g5 59. Kf3 g4+ 60. hxg4 Rxg4 61. Re3 Rg5 62. Kf4 Rxb5 63. Re5 Rb4+ 64. Kf3 Rb3+ 65. Kg2 h4 66. gxh4 Kc6 67. Re4 Kd6 68. Kf2 Kd5 69. Re8 Rh3 70. Rh8 Ke5 71. Kg2 Ra3 72. Rf8 Ke6 73. Rf2 Ke7 74. Rf5 Ke6 75. Rg5 Kf6 76. Rb5 Kg6 1/2-1/2